[Event "GER-chT Youth Countries 2018"]
[Site "Wurzburg"]
[Date "2018.10.03"]
[Round "2"]
[White "Gschnitzer, Adrian"]
[Black "Herbrig, Alexander"]
[Result "1-0"]
[WhiteElo "2353"]
[BlackElo "2277"]
[Annotator "TA"]
[PlyCount "113"]
[EventDate "2018.10.02"]
[EventType "team-tourn"]
[EventCountry "GER"]
[SourceTitle "playchess.com"]
[Source "ChessBase"]
[SourceQuality "1"]

{[%evp 14,113,45,50,63,56,61,52,72,67,97,86,98,97,103,99,107,51,75,75,75,77,61,68,57,67,121,119,118,119,127,73,77,64,168,179,266,267,262,227,239,172,304,323,337,339,338,314,307,297,312,159,163,162,187,160,141,52,70,56,53,54,55,60,116,122,114,114,127,107,102,88,134,115,133,117,209,182,182,182,189,75,97,54,117,86,161,177,237,210,207,187,394,381,488,479,692,674,636,635,654,676]} 1. e4 c5 2. Nf3 Nf6 3. Nc3 {[%cal Bb1c3,Bc3b5,Bb5c7][%mdl 32]} d5 4. exd5 Nxd5 5. Bb5+ Bd7 6. Ne5 Bxb5 {B29: Sicilian: 2 Nf3 Nf6 (Nimzowitsch Variation)} 7. Qf3 f6 8. Nxb5 {LiveBook: 33 Games. And now Qh5+ would win.} fxe5 {[#]White is slightly better.} (8... Na6 9. Qh5+ g6 10. Nxg6 hxg6 11. Qxh8 Qd7 12. Nc3 Nab4 13. O-O Nxc2 14. Rb1 {½-½ (54) Caruana,F (2816)-Mamedyarov,S (2808) Leuven 2018}) 9. Qxd5 $1 {[%mdl 512]} Qxd5 10. Nc7+ Kd7 11. Nxd5 Kc6 $146 ({Predecessor:} 11... Nc6 12. d3 g6 13. Bd2 Bg7 14. Nc3 {1-0 (26) Manik,M (2435)-Kudzma,L (2236) Warsaw 2009}) 12. Ne3 g6 13. b3 Bg7 14. Bb2 Nd7 15. O-O-O (15. d3 $16) 15... Rhf8 16. f3 b5 17. Rde1 h5 18. Nd1 a5 19. Re4 Rf7 (19... a4 $14) 20. Rhe1 $16 a4 21. bxa4 b4 22. Nf2 (22. a3 $142) 22... Rxa4 23. Kb1 Nb6 (23... Ra7 $14) 24. Bxe5 $18 Bxe5 (24... Bh6 $142 25. R1e2 Kb5) 25. Rxe5 Nc4 26. Nd3 (26. Rxe7 Rxe7 27. Rxe7 Nxd2+ 28. Ka1 c4 $14) 26... Ra5 27. Re6+ (27. Rxe7 $6 Nxd2+ 28. Kc1 Rxe7) 27... Kd5 (27... Kb5 $142 28. R1e2 (28. Rxg6 Nxd2+ 29. Ka1 Nc4 $18) (28. Rxe7 Nxd2+ 29. Kc1 Rxe7 $16) 28... g5) 28. Rxg6 Nxd2+ 29. Kc1 Nc4 30. Rg5+ Kd6 31. Re4 ({Much less strong is} 31. Rxh5 $6 Rxa2 32. Kb1 Ra5 $18) 31... Nb6 32. Nxb4 ({Better is} 32. Rxh5 $18 {Black must now prevent Rxb4!} Nd7 33. Nxb4) 32... Ra4 $16 33. Nd3 ({Weaker is} 33. Rxh5 cxb4 34. Rd4+ Kc6 $11) 33... Rxe4 34. fxe4 $18 {[%mdl 4096] Endgame KRN-KRN} c4 35. Rg6+ (35. e5+ $16 Kc7 36. Nb4) 35... e6 $14 36. Ne1 Rf4 37. e5+ Kxe5 38. Nf3+ Kd5 ({Black should play} 38... Kd6 $14) 39. Rh6 $16 Rf5 40. Kd2 Na4 41. Ke3 Nc3 42. a3 {[%cal Ba2a3,Ba3a4][%mdl 32]} Nd1+ 43. Kd2 Nf2 44. a4 e5 (44... Ne4+ $16 45. Ke3 Nf6) 45. Rb6 Ne4+ 46. Ke3 Nd6 {[#]} 47. Rb8 (47. Ra6 $1 $18 {and White stays clearly on top.}) 47... c3 48. Rd8 Kc5 (48... Rf4 $1 $14) 49. g3 e4 (49... Rf6 $16) 50. Nd4 $18 Rf1 (50... Rd5 $142 51. Nb3+ Kb4) 51. Nb3+ Kc6 {intending ...Re1+.} 52. Rh8 Nf5+ $2 (52... Re1+ 53. Kf2 Rb1) 53. Kxe4 Ng7 54. Rh6+ {White is clearly winning.} Kd7 (54... Kb7 $142 55. Kd3 Rf3+ 56. Kc4 Rf5) 55. Rh7 Rf7 56. Nd4 Re7+ 57. Kd3 {Precision: White = 55%, Black = 47%.} 1-0

[Event "GER-chT Youth Countries 2018"]
[Site "Wurzburg"]
[Date "2018.10.03"]
[Round "2"]
[White "Nothnagel, Marian Can"]
[Black "Muckle, Julius"]
[Result "1/2-1/2"]
[WhiteElo "2341"]
[BlackElo "2348"]
[Annotator "TA"]
[PlyCount "155"]
[EventDate "2018.10.02"]
[EventType "team-tourn"]
[EventCountry "GER"]
[SourceTitle "playchess.com"]
[Source "ChessBase"]
[SourceQuality "1"]

{[%evp 15,155,-16,-10,-14,21,17,21,20,35,36,30,6,8,0,0,-7,-7,-65,-8,-14,-17,-17,0,0,-17,-13,45,27,43,0,0,-38,-46,-55,27,21,31,0,0,0,0,37,72,86,655,641,652,229,609,631,578,521,485,264,279,275,271,54,93,82,77,69,197,197,182,181,165,94,94,94,94,109,94,94,93,87,122,89,205,140,493,485,484,483,468,464,452,441,479,587,1027,1115,753,275,4133,1453,5157,5057,4133,4133,4133,3327,2959,3050,1967,1189,2441,2142,1820,2027,1670,1491,1331,0,0,0,0,0,0,0,0,0,0,0,0,0,0,0,0,0,0,0,0,0,0,0,0,0,0,0,0,0]} 1. e4 e6 2. d4 d5 3. Nc3 Nf6 4. exd5 exd5 5. Bg5 Be7 6. Qd2 O-O {C01: French: Exchange Variation} 7. O-O-O c6 (7... Nc6 8. h4 Bf5 9. Qf4 Bg6 10. Bxf6 Bxf6 11. Nf3 Re8 12. Bd3 Bxd3 13. Rxd3 Nb4 14. Re3 Rxe3 15. fxe3 {½-½ (50) Short,N (2678)-Harikrishna,P (2737) Douglas 2015}) 8. Bd3 b5 {LiveBook: 3 Games} 9. Nf3 Bg4 10. Rde1 Nbd7 $146 ({Predecessor:} 10... Bxf3 11. gxf3 Nbd7 12. h4 h5 13. Rhg1 Re8 14. Rg2 Bf8 15. Reg1 Kh8 16. Ne2 Qb6 17. Ng3 Qxd4 18. Nf5 Qa4 19. Kb1 g6 20. Bh6 Qb4 21. c3 Qc5 22. b4 {1-0 (22) Golikov,N (1922)-Fer,V (2155) Ekaterinburg 2010}) 11. Ne5 Nxe5 12. dxe5 Nd7 13. Bxe7 Qxe7 14. f4 b4 15. Nb1 Nc5 16. h3 ({White should try} 16. Rhf1 $11) 16... Be6 (16... Bc8 $15) 17. Rhf1 $1 $11 f5 18. exf6 $1 Qxf6 19. Qxb4 Nxd3+ 20. cxd3 Bf5 (20... c5 $11 21. Qa3 Rfb8) 21. Rf3 h5 22. Rg1 Rfe8 23. g4 hxg4 $1 24. hxg4 {[#]} Rab8 (24... Bxg4 $1 $15 {[%mdl 512]} 25. Rf2 (25. Rxg4 Rab8 $17) 25... Bf5) 25. Qc3 d4 26. Qd2 Be6 27. b3 Bd5 28. Rh3 Re7 29. Qh2 $1 Kf8 $2 {[%mdl 8192]} (29... Kf7 $16) 30. g5 $18 Qf5 31. g6 $2 (31. Rh8+ Bg8 32. g6) 31... Bg8 $2 (31... Ree8 32. Kc2 Ke7) 32. Rh8 {White wants to mate with Rxg8+!} Ree8 33. Rxg8+ Kxg8 34. Qh7+ (34. Nd2 $142) 34... Kf8 35. Qh8+ Ke7 36. Re1+ $2 ({Only move:} 36. Qxg7+ $18 Kd8 37. Qxd4+ Qd7 38. Qc3) 36... Kd7 $14 37. Qxg7+ Kd6 38. Qxd4+ Kc7 ({Better is} 38... Qd5 $14 39. Qf6+ Kc7 40. Re7+ Rxe7 41. Qxe7+ Qd7) 39. Rxe8 $18 ({Don't do} 39. Qxa7+ $6 Rb7 $16) 39... Rxe8 40. Qxa7+ {[%mdl 4096] Endgame KQR-KQN} Kc8 41. Qa8+ ({White should play} 41. g7 $18 Qxf4+ 42. Nd2) 41... Kd7 $16 42. Qb7+ Kd6 {White must now prevent ...Re1+.} 43. Nd2 {And now Nc4+ would win.} Qxf4 44. Kc2 {Nc4+ is the strong threat.} Qf2 45. Qb4+ Kc7 46. g7 Qf7 (46... Rg8 $16 {is a better defense.}) 47. Qa5+ Kb7 $2 {[%mdl 8192] [#]} (47... Kb8 $16) 48. Ne4 $1 $18 {[%cal Re4d6]} Rxe4 49. dxe4 Qxg7 {KQ-KQ} 50. Qb4+ Kc7 51. Qd2 Qa1 52. a4 Qa2+ 53. Kc3 Qa1+ 54. Kc4 $2 (54. Kb4 Qe5 55. Qe3 Qd6+ 56. Kc4) 54... Qe5 $2 (54... Qf1+ 55. Kd4 Qf7) 55. Qd4 Qe6+ 56. Kc3 Qh3+ 57. Kb4 Qf1 58. e5 Qe1+ 59. Qc3 Qe4+ 60. Ka3 Qd5 61. Qe3 Kd7 62. Kb4 Ke6 63. Qc5 Qd2+ {[#]} 64. Qc3 $2 (64. Ka3 $1 $18 Qd8 65. Qxc6+ Kxe5 66. Qc5+ Ke4 67. a5) 64... c5+ $1 $11 {The position is equal.} 65. Kc4 Qd5+ 66. Kb5 {Hoping for Qc4.} c4+ $1 67. Kb4 cxb3 68. a5 Qxe5 69. Qxb3+ Kd7 70. Qc4 Qb8+ 71. Ka4 Qc7 72. Qg4+ Kc6 73. Qe4+ Kc5 74. Qb4+ Kc6 75. Qb5+ Kd6 76. a6 Qc2+ 77. Ka5 {Threatens to win with Qb6+.} Qc3+ 78. Qb4+ {Precision: White = 51%, Black = 36%.} 1/2-1/2

[Event "GER-chT Youth Countries 2018"]
[Site "Wurzburg"]
[Date "2018.10.03"]
[Round "2"]
[White "Kololli, Martin"]
[Black "Pallas, Sebastian"]
[Result "1-0"]
[WhiteElo "2331"]
[BlackElo "2278"]
[Annotator "NA"]
[PlyCount "49"]
[EventDate "2018.10.02"]
[EventType "team-tourn"]
[EventCountry "GER"]
[SourceTitle "playchess.com"]
[Source "ChessBase"]
[SourceQuality "1"]
[TimeControl "40/5400+30:1800+30"]

1. e4 {[%emt 0:00:00]} c5 {[%emt 0:00:00]} 2. c3 {[%emt 0:00:00]} Nf6 {[%emt 0:00:12]} 3. e5 {[%emt 0:00:00]} Nd5 {[%emt 0:00:10]} 4. d4 {[%emt 0:00:09]} cxd4 {[%emt 0:00:58]} 5. Nf3 {[%emt 0:00:09]} e6 {[%emt 0:00:28]} 6. cxd4 {[%emt 0:00:08]} d6 {[%emt 0:00:47]} 7. Bc4 {[%emt 0:00:59]} Nc6 {[%emt 0:00:58]} 8. O-O {[%emt 0:00:34]} Be7 {[%emt 0:00:43]} 9. Qe2 {[%emt 0:00:20]} O-O {[%emt 0:00:38]} 10. Nc3 {[%emt 0:00:56]} Nxc3 {[%emt 0:08:50]} 11. bxc3 {[%emt 0:00:07]} dxe5 {[%emt 0:00:21]} 12. dxe5 {[%emt 0:00:32]} Qa5 {[%emt 0:00:21]} 13. Bd3 {[%emt 0:03:18]} Rd8 {[%emt 0:01:23]} 14. Rb1 {[%emt 0:03:20]} Bd7 {[%emt 0:16:08]} 15. Rxb7 {[%emt 0:07:27]} g6 {[%emt 0:01:00]} 16. Bb5 {[%emt 0:09:36]} Rac8 {[%emt 0:09:35]} 17. Be3 {[%emt 0:12:53]} Qxc3 {[%emt 0:15:40]} 18. Rd1 {[%emt 0:05:16]} Be8 {[%emt 0:06:22]} 19. Bxc6 {[%emt 0:03:21]} Bxc6 {[%emt 0:00:31]} 20. Rxe7 {[%emt 0:01:17]} Bb5 {[%emt 0:05:06]} 21. Qe1 {[%emt 0:01:46]} Rxd1 {[%emt 0:02:24]} 22. Qxd1 {[%emt 0:00:12]} Ba4 {[%emt 0:00:20]} 23. Qe1 {[%emt 0:00:51]} Qxe1+ {[%emt 0:00:52]} 24. Nxe1 {[%emt 0:00:06]} Rd8 {[%emt 0:00:10]} 25. f3 1-0

[Event "GER-chT Youth Countries 2018"]
[Site "Wurzburg"]
[Date "2018.10.03"]
[Round "2"]
[White "Richter, Leonard"]
[Black "Riehle, Marco"]
[Result "0-1"]
[WhiteElo "2322"]
[BlackElo "2265"]
[Annotator "TA"]
[PlyCount "147"]
[EventDate "2018.10.02"]
[EventType "team-tourn"]
[EventCountry "GER"]
[SourceTitle "playchess.com"]
[Source "ChessBase"]
[SourceQuality "1"]

{[%evp 20,147,-12,-13,-14,-8,-6,-11,-7,-7,7,-2,-6,-14,-4,-43,-51,-48,-42,-44,-33,-29,-31,-32,-35,-39,-22,-25,-10,-28,-16,-32,-25,-31,0,-15,0,-45,0,-25,0,-49,-12,-14,-10,-14,-10,-24,0,0,0,-38,-8,-9,-10,-59,-60,-69,-56,-69,-62,-72,-70,-93,-93,-136,-136,-134,-137,-122,-118,-131,-134,-187,-187,-187,-127,-168,-168,-178,-178,-182,-192,-130,-47,-1204,-1087,-587,-955,-821,-783,-3456,-2182,-11774,-5624,-29953,-29955,-29953,-29949,-29950,-1370,-29960,-29959,-29953,-29956,-1308,-491,-29960,-29962,-29967,-29968,-29968,-29968,-29963,-29971,-29970,-29971,-29971,-29972,-29972,-29974,-29978,-29979,-29979,-29980,-29980,-29981,-29983,-29983,-29993]} 1. e4 e5 2. Nf3 Nf6 3. Nc3 Nc6 {[%cal Bb8c6,Bc6e5,Be5g4][%mdl 32]} 4. Bb5 Bc5 5. O-O O-O 6. Nxe5 Nxe5 7. d4 Bd6 8. f4 Neg4 {C48: Vierspringerspiel (Rubinstein-Variante)} 9. e5 Bb4 (9... Be7 10. f5 d6 11. exf6 Nxf6 12. Qf3 c6 13. Bd3 Qb6 14. Be3 Qxb2 15. Ne2 d5 16. g4 {1-0 (29) Inarkiev,E (2684)-Lysyj,I (2630) Yaroslavl 2018}) 10. exf6 Nxf6 11. f5 {LiveBook: 4 Partien} c6 {Droht ...Lxc3 und aus.} 12. Bd3 Qb6 13. Ne2 $146 ({Vorgänger:} 13. Be3 Re8 14. Qf3 d5 15. Bf2 {1-0 (72) Dolgov,I (2522)-Grigoryev,V (2517) ICCF email 2014}) 13... d5 14. c3 Bd6 15. Qe1 Re8 16. Qh4 c5 {...c4 ist eine echte Drohung.} 17. dxc5 (17. Bg5 $5 {[%cal Rg5f6]} Ne4 18. f6 cxd4 19. cxd4 $11) 17... Bxc5+ 18. Kh1 $1 Be3 19. b3 Bxc1 20. Raxc1 Bd7 21. Nd4 Re3 22. Rf3 Rae8 23. Qg3 Rxf3 24. Qxf3 Ne4 {Und weiter mit ...Sxc3! wäre nett.} 25. Bxe4 dxe4 26. Qe3 h6 27. Rf1 Qa5 28. h4 f6 29. Rf2 Rc8 30. Qxe4 Qxc3 31. Kh2 {Droht stark Dd5+.} Qc7+ 32. g3 Qe5 33. Re2 Qxe4 (33... Qd6 {feels hotter.} 34. Rd2 Rc5 35. Qg2 Qe5 36. Ne6 Bc6) 34. Rxe4 $11 {[%mdl 4096] Endspiel KTL-KTS} Kf7 35. Kg2 Rc5 36. g4 h5 37. Ne6 Bxe6 38. fxe6+ $15 {KT-KT} Ke7 39. gxh5 Rxh5 40. Kg3 Rc5 41. Ra4 a6 ({Viel schlechter ist} 41... Kxe6 $6 42. Rxa7 Rb5 43. Ra4 $11) 42. Rb4 {[#]} b5 $1 43. Re4 Re5 44. Rg4 g5 ({Bitte nicht} 44... Kxe6 $6 45. Rxg7 Re3+ 46. Kf4 $11) 45. Kf3 Kxe6 46. hxg5 (46. a4 $17 {war nötig.}) 46... fxg5 $19 47. a4 Kf5 (47... Rd5 $19 48. axb5 axb5 49. Re4+ Kd6) 48. Rb4 Rd5 49. axb5 Rxb5 50. Ra4 Rxb3+ 51. Kf2 Rb6 52. Kf3 $2 {[%mdl 8192] [#]} (52. Kg3 $15) 52... g4+ $1 53. Kg3 {[#]} (53. Rxg4 Rb3+) 53... Rg6 $1 54. Rb4 Ke5 55. Rb8 Kd4 56. Ra8 Kc4 57. Ra7 Kb5 58. Rb7+ Ka4 59. Re7 a5 60. Re4+ Kb5 61. Re5+ Kb6 62. Re4 Ka6 (62... Rc6 $142 63. Rxg4 Kb5 64. Rg5+ Rc5) 63. Re5 (63. Kf2 $19 g3+ 64. Kf1) 63... a4 {Schwarz setzt Matt.} 64. Re4 Kb5 65. Re5+ Kb4 66. Re4+ Kb3 67. Re3+ Kc2 68. Re2+ Kd3 69. Ra2 Ra6 70. Kxg4 a3 {[%cal Ba4a3,Ba3a2][%mdl 32]} 71. Kf4 Kc3 72. Ke4 Kb3 73. Rd2 a2 74. Ke5 {Precision: Weiß = 36%, Schwarz = 70%.} 0-1

[Event "GER-chT Youth Countries 2018"]
[Site "Wurzburg"]
[Date "2018.10.03"]
[Round "2"]
[White "Krastev, Alexander"]
[Black "Yankelevich, Michael"]
[Result "1-0"]
[WhiteElo "2298"]
[BlackElo "1961"]
[Annotator "NA"]
[PlyCount "95"]
[EventDate "2018.10.02"]
[EventType "team-tourn"]
[EventCountry "GER"]
[SourceTitle "playchess.com"]
[Source "ChessBase"]
[SourceQuality "1"]
[TimeControl "40/5400+30:1800+30"]

1. e4 {[%emt 0:00:00]} c5 {[%emt 0:00:00]} 2. Nc3 {[%emt 0:00:00]} e6 {[%emt 0:00:07]} 3. Nf3 {[%emt 0:00:00]} a6 {[%emt 0:00:08]} 4. g3 {[%emt 0:00:03]} Nc6 {[%emt 0:00:17]} 5. Bg2 {[%emt 0:00:04]} Qc7 {[%emt 0:00:22]} 6. d4 {[%emt 0:00:15]} cxd4 {[%emt 0:01:19]} 7. Nxd4 {[%emt 0:00:06]} Nf6 {[%emt 0:02:02]} 8. O-O {[%emt 0:00:07]} Nxd4 {[%emt 0:00:23]} 9. Qxd4 {[%emt 0:00:16]} Bc5 {[%emt 0:01:24]} 10. Bf4 {[%emt 0:00:09]} d6 {[%emt 0:00:10]} 11. Qd2 {[%emt 0:01:42]} Nd7 {[%emt 0:00:48]} 12. Rad1 {[%emt 0:05:16]} Ne5 {[%emt 0:00:22]} 13. Na4 {[%emt 0:01:25]} Nc4 {[%emt 0:13:19]} 14. Qc3 {[%emt 0:01:48]} e5 {[%emt 0:00:54]} 15. Nxc5 {[%emt 0:05:26]} Qxc5 {[%emt 0:00:09]} 16. Bc1 {[%emt 0:00:21]} Be6 {[%emt 0:02:53]} 17. b3 {[%emt 0:01:51]} Nb6 {[%emt 0:02:21]} 18. Qd3 {[%emt 0:00:56]} Rd8 {[%emt 0:01:14]} 19. c4 {[%emt 0:00:30]} O-O {[%emt 0:00:49]} 20. Be3 {[%emt 0:01:01]} Qc7 {[%emt 0:00:49]} 21. Qd2 {[%emt 0:06:24]} Nc8 {[%emt 0:01:40]} 22. Qb4 {[%emt 0:01:53]} Rd7 {[%emt 0:05:05]} 23. Rd2 {[%emt 0:01:20]} f5 {[%emt 0:00:43]} 24. exf5 {[%emt 0:03:00]} Bxf5 {[%emt 0:00:18]} 25. c5 {[%emt 0:01:42]} Rf6 {[%emt 0:18:07]} 26. Rfd1 {[%emt 0:03:53]} a5 {[%emt 0:03:14]} 27. Qc4+ {[%emt 0:04:52]} Be6 {[%emt 0:01:07]} 28. Bd5 {[%emt 0:00:24]} Bf7 {[%emt 0:06:40]} 29. Bxf7+ {[%emt 0:02:04]} Rfxf7 {[%emt 0:00:02]} 30. cxd6 {[%emt 0:00:12]} Qxc4 {[%emt 0:00:39]} 31. bxc4 {[%emt 0:00:05]} b6 {[%emt 0:00:48]} 32. Rd5 {[%emt 0:01:19]} Rf6 {[%emt 0:01:00]} 33. c5 {[%emt 0:01:34]} bxc5 {[%emt 0:00:09]} 34. Rxc5 {[%emt 0:00:41]} Nxd6 {[%emt 0:00:22]} 35. Rcd5 {[%emt 0:00:31]} Kf7 {[%emt 0:00:23]} 36. Bc5 {[%emt 0:00:20]} Ke7 {[%emt 0:00:15]} 37. Rxe5+ {[%emt 0:00:05]} Re6 {[%emt 0:00:07]} 38. Red5 {[%emt 0:00:16]} a4 {[%emt 0:00:28]} 39. f4 {[%emt 0:00:14]} g6 {[%emt 0:00:15]} 40. Kf2 {[%emt 0:00:19]} Rd8 {[%emt 0:00:17]} 41. Kf3 {[%emt 0:30:27]} h5 {[%emt 0:30:41]} 42. h3 {[%emt 0:00:24]} Rd7 {[%emt 0:00:10]} 43. g4 {[%emt 0:00:06]} hxg4+ {[%emt 0:00:23]} 44. hxg4 {[%emt 0:00:06]} Rd8 {[%emt 0:00:15]} 45. Kg3 {[%emt 0:02:28]} Rd7 {[%emt 0:00:47]} 46. Rxd6 {[%emt 0:01:18]} Rdxd6 {[%emt 0:00:13]} 47. Rxd6 {[%emt 0:00:09]} Rxd6 {[%emt 0:00:06]} 48. Kh4 {[%emt 0:00:09]} 1-0

[Event "GER-chT Youth Countries 2018"]
[Site "Wurzburg"]
[Date "2018.10.03"]
[Round "2"]
[White "Polster, Christian"]
[Black "Oberhofer, Cedric"]
[Result "0-1"]
[WhiteElo "2294"]
[BlackElo "2213"]
[Annotator "TA"]
[PlyCount "129"]
[EventDate "2018.10.02"]
[EventType "team-tourn"]
[EventCountry "GER"]
[SourceTitle "playchess.com"]
[Source "ChessBase"]
[SourceQuality "1"]

{[%evp 17,129,20,12,-6,0,-56,-12,-25,-35,-45,0,0,-29,-24,-23,-30,-12,-33,15,-12,0,0,0,-9,-20,-57,-12,-33,-29,-31,-8,-11,-13,-76,-56,-68,-22,-47,-60,-61,-37,-151,-53,-47,-56,-181,-166,-162,-170,-173,-93,-94,-65,-91,-52,-56,-62,-63,-54,-58,-57,-104,-97,-162,-162,-162,-167,-181,-194,-201,-191,-220,-197,-197,-197,-197,-197,-214,-210,-207,-206,-290,-272,-491,-477,-1273,-1208,-1099,-1198,-1091,-1057,-2026,-1400,-4420,-4356,-29963,-2128,-29972,-29967,-29975,-29976,-29976,-10516,-29971,-29972,-29978,-29979,-29979,-29980,-29980,-29981,-29981,-29982,-29990]} 1. e4 c5 2. Nf3 d6 3. d4 cxd4 4. Nxd4 Nf6 5. Nc3 a6 6. g3 g6 7. Bg2 Bg7 8. O-O O-O 9. a4 Nc6 {LiveBook: 15 Games. B91: Sicilian Najdorf: 6 g3} 10. Nb3 (10. Nxc6 bxc6 11. e5 dxe5 12. Bxc6 Rb8 13. Qe2 Qd6 14. Bf3 Bf5 15. Rd1 Qc7 16. Qxa6 Bxc2 17. Re1 {0-1 (39) Deepan Chakkravarthy,J (2519)-Paravyan,D (2638) Pardubice 2018}) 10... Bg4 11. Bf3 $146 (11. Qd2 $11) ({Predecessor:} 11. Qd2 Qd7 12. f4 Bh3 13. Nd5 Bxg2 14. Qxg2 b5 15. axb5 Nxd5 16. bxc6 Qa7+ 17. Qf2 {½-½ (104) Shvayger,Y (2368)-Illingworth,M (2517) Douglas 2015}) 11... Be6 {Black is slightly better.} 12. Nd5 Ne5 13. Bg2 Rc8 14. Nd4 Bg4 15. Nxf6+ Bxf6 16. f3 Bd7 17. c3 Qc7 18. Kh1 Qc4 19. Ne2 b5 {[%cal Rb5a4]} 20. b3 Qc7 21. f4 Nc6 {[%cal Be5c6,Bc6a5,Ba5c4,Bc4b2][%mdl 32]} 22. axb5 axb5 23. Be3 Bg4 $36 {[%mdl 2048] Black is more active.} 24. Rc1 Na5 25. b4 (25. Re1 $11 {keeps the balance.}) 25... Nc4 $17 26. Bg1 Nb2 27. Qc2 Na4 {[%cal Ra4c3]} 28. Nd4 Qxc3 29. Qb1 (29. Qxc3 $15 Nxc3 30. e5 dxe5 31. fxe5) 29... Qb2 ({Inferior is} 29... Bxd4 30. Rxc3 Bxc3 31. f5 $11) (29... Qd2 $17 30. Rxc8 Rxc8) 30. Qxb2 Nxb2 31. h3 (31. Rxc8 $15 Rxc8 32. e5 dxe5 33. fxe5 Bxe5 34. Nxb5) 31... Bd7 $1 $19 32. Rb1 Na4 33. Rfe1 Rc3 ({Black should try} 33... e5 $19 34. Ne2 Be6) 34. e5 $17 dxe5 35. fxe5 Bg7 36. e6 fxe6 37. Nxe6 Bxe6 38. Rxe6 Bf6 39. Bd5 Kg7 $1 40. Bc6 (40. Bf2 $17 {might work better.}) 40... Rxg3 $19 41. Kh2 Rg5 42. Rbe1 Rd8 43. Be3 Rf5 44. Be4 Re5 45. Rxe5 Bxe5+ 46. Kg2 Bc3 47. Rf1 Bxb4 48. Bc6 Bd2 $1 {[%cal Rd2e3]} 49. Rd1 (49. Rf3 {was necessary.}) 49... Rd6 ({And not} 49... Bxe3 50. Rxd8 Nc5 51. Bxb5 $14) 50. Bxb5 $2 (50. Rxd2 Rxc6 51. Rd7) 50... Nc3 $1 {[%cal Rc3d1]} ({Not} 50... Bxe3 51. Rxd6 exd6 52. Bxa4 $17) 51. Rxd2 (51. Bxd2 $142 Nxd1 52. Bf4) 51... Rxd2+ 52. Bxd2 Nxb5 {[%mdl 4096] Endgame KB-KN} 53. Kf3 Kf6 54. Be3 Kf5 55. Bc5 e5 {[%cal Be7e5,Be5e4][%mdl 32]} 56. Be7 Nc3 (56... g5 $142 57. Kf2 Nd4 58. Kg2 h5 59. Bc5 Ne6 60. Ba7 Nf4+ 61. Kh2 e4 62. Bc5 Nd3 63. Be3 Nf4 64. Ba7 g4 65. Kg3 Nxh3 66. Bd4 Ng5 67. Be3 Nf3 68. Kg2 h4 69. Bc5 Kf4 70. Bb6 h3+ 71. Kh1 Nd2 72. Bc7+ Kf3 73. Ba5 e3 74. Kh2 g3+ 75. Kxh3 g2 76. Kh2 Kf2 77. Bc7 g1=Q+ 78. Kh3 Nf3 79. Bf4 Qg2#) 57. Bd8 Nd5 58. Ba5 e4+ 59. Kg3 Nf4 (59... g5 $142 60. Kg2 h5 61. Kh2 e3 62. Kg3 Ke4 63. Bd8 Nf4 64. Be7 e2 65. Kf2 g4 66. Bh4 gxh3 67. Bg3 {[#]} h4 $1 {[%mdl 512]} 68. Bh2 Kd3 69. Bxf4 h2 $1 {[%mdl 512]} 70. Bxh2 Kd2 71. Bf4+ Kd1 72. Kg2 e1=Q 73. Kh3 Qf1+ 74. Kg4 h3 75. Kg5 Qg2+ 76. Kf6 h2 77. Bxh2 Qxh2 78. Ke6 Qh6+ 79. Kd7 Ke2 80. Ke7 Qc6 81. Kf8 Qd7 82. Kg8 Ke3 83. Kh8 Ke4 84. Kg8 Kf5 85. Kh8 Kf6 86. Kg8 Qg7#) 60. Bb6 g5 {Black mates.} 61. Be3 h5 62. Kh2 g4 63. hxg4+ Kxg4 64. Bf2 Kf3 65. Be3 {Precision: White = 28%, Black = 59%.} 0-1